Klik om te vertalen - Engels - Statistieken

Algemene statistieken
  • Deze quiz is 97 keer genomen
  • De gemiddelde score is 20 van 20
Antwoordstatistieken
Hint Antwoord % Correct
Moeder Mother
100%
Appel Apple
99%
Boot Boat
99%
Auto Car
99%
Land Country
99%
Boer Farmer
99%
Bloem Flower
99%
Hoofd Head
99%
Paard Horse
99%
Maand Month
99%
Regen Rain
99%
Winkel Shop
99%
Boom Tree
99%
Woensdag Wednesday
99%
Wijn Wine
99%
Vis Fish
97%
Huis House
97%
Zee Sea
97%
Stad Town
97%
Geel Yellow
97%
Geen overeenkomende quizzen gevonden
Scoreverdeling
Procent van Mensen met Elke Score
Percentiel versus Aantal Correcte Antwoorden
Uw Scoregeschiedenis
U heeft deze quiz nog niet genomen